Statistiques concernant Histoire de France - Difficile 🇫🇷

Cliquez ici pour prendre le quiz!

Statistiques générales

  • Ce quiz a été pris 196 fois
    (186 depuis la dernière actualisation)
  • Le résultat moyen est 6 sur 10

Statistiques - réponses

QuestionRéponse% Correct
Quel roi a été capturé lors de la bataille de Pavia en 1525, mettant fin à ses ambitions en Italie ?François Ier
82%
Quel célèbre homme d'État français a été impliqué dans la création du traité de l'Élysée en 1963, scellant la réconciliation franco-allemande ?Charles de Gaulle
73%
Quel roi a été surnommé "le roi des Français" après la Révolution de 1830 ?Louis-Philippe Ier
73%
Quelle reine de France a joué un rôle politique influent pendant la minorité de son fils Louis XIV ?Anne d'Autriche
66%
Qui était le roi de France lors de la bataille d'Agincourt en 1415 ?Charles VI
63%
Quelle reine de France a été surnommée "Madame de Maintenon" en raison de son mariage secret avec Louis XIV ?Françoise d'Aubigné
56%
Quelle bataille a marqué la fin de la dynastie carolingienne et la montée de la dynastie capétienne en France en 987 ?Bataille de Soissons
46%
Quel roi français a signé le Traité de Verdun en 843, divisant l'empire carolingien en trois parties ?Charles le Chauve
35%
Qui était le chef militaire français pendant la guerre de Sept Ans (1756-1763) ?Louis-Joseph de Montcalm
32%
Quel roi français a lancé la première croisade en 1096 ?Louis VII
28%

Distribution des résultats

Percentile par nombre de réponses

% des personnes avec chaque résultat

Votre développement - résultats

Vous n’avez pas pris ce quiz depuis la dernière actualisation